Az influencermarketing hatása a fogyasztói döntéshozatlra

Bibliográfiai részletek
Szerző: Kulcsár Fruzsina
További közreműködők: Kovács Dr. Ildikó
Dokumentumtípus: Projektmunka
Kulcsszavak:döntéshozatal
fogyasztói magatartás
influencer marketing
közösségi média
reklámeszközök
Online Access:http://dolgozattar.uni-bge.hu/59163

MARC

LEADER 00000nnm a2200000 i 4500
001 dolg59163
005 20251027143054.0
008 251027suuuu hu o 000 hun d
040 |a BGE Dolgozattár Repozitórium  |b hun 
041 |a hu 
100 1 |a Kulcsár Fruzsina 
245 1 3 |a Az influencermarketing hatása a fogyasztói döntéshozatlra  |c Kulcsár Fruzsina  |h [elektronikus dokumentum] 
516 |a Project_work 
520 3 |a A dolgozat az influencermarketing fogyasztói döntéshozatalra gyakorolt hatását vizsgálja, különös tekintettel a digitális platformok és a véleményvezérek szerepére. A szakirodalmi áttekintés bemutatja az influencermarketing fejlődését, típusait és pszichológiai hatásmechanizmusait, míg az esettanulmányok naprakész példákon keresztül világítanak rá a módszer gyakorlati alkalmazására. A kutatás célja annak feltárása volt, hogy miként befolyásolják az influencerek a fogyasztók bizalmát, attitűdjeit és vásárlási szándékait. A dolgozat külön figyelmet szentel a magyar piac sajátosságainak is, alátámasztva, hogy az influencermarketing mára meghatározó elemévé vált a modern marketingkommunikációnak. 
695 |a döntéshozatal 
695 |a fogyasztói magatartás 
695 |a influencer marketing 
695 |a közösségi média 
695 |a reklámeszközök 
700 1 |a Kovács Dr. Ildikó  |e ths 
856 4 0 |u http://dolgozattar.uni-bge.hu/59163/1/Szakdolgozat.pdf  |z Dokumentum-elérés 
856 4 0 |u http://dolgozattar.uni-bge.hu/59163/2/Kulcs%C3%A1r%20Fruzsina%20b%C3%ADr%C3%A1lat%20202526%20tavasz.pdf  |z Dokumentum-elérés